Pokédex Einträge (Gen4) - Statistiken

Allgemein
  • Dieses Quiz wurde 16 mal gespielt
  • Das Durchschnittsergebnis liegt bei 11 aus 15
Antwortstatistiken
Frage Antwort % Korrekt
Ein Bote der Lüfte. Bringt Eier und kleine Pokémon in seinem Schnabel in Sicherheit. Pelipper
100%
Es liebt es, das Meer mit PKMN und Menschen auf dem Rücken zu überqueren. Es versteht die Menschen. Lapras
93%
Seit Generationen ist es mit SENGO verfeindet. Es wetzt seinen scharfen Schweif an Felsen. Vipitis
93%
Seine Schweifspitze leuchtet hell. In alten Zeiten hat man mit seiner Hilfe Lichtsignale gegeben. Ampharos
87%
... lässt Flammen aus seinem Rücken lodern, um sich zu schützen. Sie sind sehr groß, wenn es wütend ist, aber klein, wenn es müde und erschöpft ist. Feurigel
87%
Die lange Zunge ist immer feucht. Ihr Speichel enthält eine Substanz, die Taubheit hervorrufen kann. Schlurplek
87%
Sein Körper besteht aus Eis aus der Eiszeit. Es kontrolliert gefrorene Luft, die minus 200 Grad kalt ist. Regice
80%
Durch die Spitzen seiner scharfen Krallen strömt Elektrizität. Selbst kleine Kratzer verursachen Ohnmacht. Luxio
67%
Es wetzt seine ständig wachsenden Zähne an harten Dingen. Es kann Wände aus Beton zernagen. Rattikarl
67%
Es lebt in Höhlen auf dem Meeresgrund. Jedes Mal, wenn es sich bewegt, entsteht ein Strudel. Seedraking
67%
Würde jemand seine Ehre verletzen, so würde es mit Flügeln angreifen, die Eis zerschneiden können. Impoleon
60%
Durch die Bewegung seiner Flügel entstehen Schockwellen, die dem Gegn. innere Verletzungen zufügen. Yanmega
60%
Verursacht bei in der Nähe Stehenden Alpträume. Dies tut es aber nur, um sich zu schützen. Darkrai
47%
Berührt seinen Gegner mit beiden Schweifspitzen und entlädt dann starke Elektrizität. Elevoltek
40%
Es liebt funkelnde Dinge und sucht nach Schätzen in seinen Höhlen, die es dann in seinem Nest hortet. Knarksel
33%
Keine übereinstimmenden Quizze gefunden
Verteilung der Resultate
Anzahl Personen mit jedem Resultat
Perzentil nach korrekt beantworteten Fragen
Ihre Resultats-Entwicklung
Sie haben dieses Quiz noch nicht gespielt